<?xml version="1.0" encoding="UTF-8"?>
<record
    xmlns:xsi="http://www.w3.org/2001/XMLSchema-instance"
    xsi:schemaLocation="http://www.loc.gov/MARC21/slim http://www.loc.gov/standards/marcxml/schema/MARC21slim.xsd"
    xmlns="http://www.loc.gov/MARC21/slim">

  <leader>00680nam a22001577a 4500</leader>
  <controlfield tag="003">OSt</controlfield>
  <controlfield tag="005">20151112143048.0</controlfield>
  <controlfield tag="008">151112b        xxu||||| |||| 00| 0 eng d</controlfield>
  <datafield tag="040" ind1=" " ind2=" ">
    <subfield code="c">RUA</subfield>
  </datafield>
  <datafield tag="082" ind1=" " ind2=" ">
    <subfield code="a">FOR SAR 2005 B132 Or.1</subfield>
  </datafield>
  <datafield tag="100" ind1=" " ind2=" ">
    <subfield code="9">3608</subfield>
    <subfield code="a">SAR, SOPHYRA.</subfield>
  </datafield>
  <datafield tag="245" ind1=" " ind2=" ">
    <subfield code="a">Study the collection of important ntfps of local people in vealveng district pursat province, &#x179F;&#x17B7;&#x1780;&#x17D2;&#x179F;&#x17B6;&#x1796;&#x17B8;&#x1780;&#x17B6;&#x179A;&#x1794;&#x17D2;&#x179A;&#x1798;&#x17BC;&#x179B;&#x17A2;&#x1793;&#x17BB;&#x1795;&#x179B;&#x1796;&#x17D2;&#x179A;&#x17C3;&#x1788;&#x17BE;&#x179F;&#x17C6;&#x1781;&#x17B6;&#x1793;&#x17CB;!&#x179A;&#x1794;&#x179F;&#x17CB;&#x1794;&#x17D2;&#x179A;&#x1787;&#x17B6;&#x1787;&#x1793; &#x1793;&#x17C5;&#x179F;&#x17D2;&#x179A;&#x17BB;&#x1780;&#x179C;&#x17B6;&#x179B;&#x179C;&#x17C2;&#x1784; &#x1781;&#x17C1;&#x178F;&#x17D2;&#x178F;&#x1796;&#x17C4;&#x1792;&#x17B7;&#x17CF;&#x179F;&#x17B6;&#x179F;&#x178F;&#x17CB;</subfield>
  </datafield>
  <datafield tag="260" ind1=" " ind2=" ">
    <subfield code="a">Phnom Penh</subfield>
    <subfield code="b">RUA</subfield>
    <subfield code="c">2005</subfield>
  </datafield>
  <datafield tag="300" ind1=" " ind2=" ">
    <subfield code="a">xi; 61p.</subfield>
    <subfield code="b">ill.</subfield>
    <subfield code="c">29cm.</subfield>
  </datafield>
  <datafield tag="942" ind1=" " ind2=" ">
    <subfield code="2">ddc</subfield>
    <subfield code="c">FOR</subfield>
  </datafield>
  <datafield tag="999" ind1=" " ind2=" ">
    <subfield code="c">3359</subfield>
    <subfield code="d">3359</subfield>
  </datafield>
  <datafield tag="952" ind1=" " ind2=" ">
    <subfield code="0">0</subfield>
    <subfield code="1">0</subfield>
    <subfield code="2">ddc</subfield>
    <subfield code="4">0</subfield>
    <subfield code="6">FOR_SAR_2005_000000000000000_B132_OR_1</subfield>
    <subfield code="7">0</subfield>
    <subfield code="9">15773</subfield>
    <subfield code="a">LBB</subfield>
    <subfield code="b">LBB</subfield>
    <subfield code="c">B132</subfield>
    <subfield code="d">2015-11-12</subfield>
    <subfield code="o">FOR SAR 2005 B132 Or.1</subfield>
    <subfield code="p">RUA028519</subfield>
    <subfield code="r">2015-11-12</subfield>
    <subfield code="w">2015-11-12</subfield>
    <subfield code="y">FOR</subfield>
  </datafield>
  <datafield tag="952" ind1=" " ind2=" ">
    <subfield code="0">0</subfield>
    <subfield code="1">0</subfield>
    <subfield code="2">ddc</subfield>
    <subfield code="4">0</subfield>
    <subfield code="6">FOR_SAR_2005_000000000000000_B132_OR_2</subfield>
    <subfield code="7">0</subfield>
    <subfield code="9">15774</subfield>
    <subfield code="a">LBB</subfield>
    <subfield code="b">LBB</subfield>
    <subfield code="c">B132</subfield>
    <subfield code="d">2015-11-12</subfield>
    <subfield code="o">FOR SAR 2005 B132 Or.2</subfield>
    <subfield code="p">RUA028318</subfield>
    <subfield code="r">2015-11-12</subfield>
    <subfield code="w">2015-11-12</subfield>
    <subfield code="y">FOR</subfield>
  </datafield>
  <datafield tag="952" ind1=" " ind2=" ">
    <subfield code="0">0</subfield>
    <subfield code="1">0</subfield>
    <subfield code="2">ddc</subfield>
    <subfield code="4">0</subfield>
    <subfield code="6">FOR_SAR_2005_000000000000000_B132_OR_3</subfield>
    <subfield code="7">0</subfield>
    <subfield code="9">15775</subfield>
    <subfield code="a">LBB</subfield>
    <subfield code="b">LBB</subfield>
    <subfield code="c">B132</subfield>
    <subfield code="d">2015-11-12</subfield>
    <subfield code="o">FOR SAR 2005 B132 Or.3</subfield>
    <subfield code="p">RUA028591</subfield>
    <subfield code="r">2015-11-12</subfield>
    <subfield code="w">2015-11-12</subfield>
    <subfield code="y">FOR</subfield>
  </datafield>
</record>
